Abridged Dewey decimal classification and relative index / (Record no. 23617)
[ view plain ]
| 000 -LEADER | |
|---|---|
| fixed length control field | 01338pam a2200325 a 4500 |
| 001 - CONTROL NUMBER | |
| control field | 581230 |
| 003 - CONTROL NUMBER IDENTIFIER | |
| control field | OSt |
| 005 - DATE AND TIME OF LATEST TRANSACTION | |
| control field | 20211223094142.0 |
| 008 - FIXED-LENGTH DATA ELEMENTS--GENERAL INFORMATION | |
| fixed length control field | 900125s1990 nyu b 001 0 eng |
| 010 ## - LIBRARY OF CONGRESS CONTROL NUMBER | |
| LC control number | 90031428 |
| 020 ## - INTERNATIONAL STANDARD BOOK NUMBER | |
| International Standard Book Number | 0910608423 (alk. paper) |
| 040 ## - CATALOGING SOURCE | |
| Original cataloging agency | DLC |
| Transcribing agency | HU DEW |
| Modifying agency | DLC |
| 050 00 - LIBRARY OF CONGRESS CALL NUMBER | |
| Classification number | Z696 |
| Item number | .D5192 1990 |
| 082 00 - DEWEY DECIMAL CLASSIFICATION NUMBER | |
| Classification number | 025.4/31 DWE 1990 |
| Edition number | 20 |
| 100 1# - MAIN ENTRY--PERSONAL NAME | |
| Personal name | Dewey, Melvil, |
| Dates associated with a name | 1851-1931. |
| 9 (RLIN) | 24497 |
| 245 10 - TITLE STATEMENT | |
| Title | Abridged Dewey decimal classification and relative index / |
| Statement of responsibility, etc. | devised by Melvil Dewey. |
| 250 ## - EDITION STATEMENT | |
| Edition statement | Ed. 12 / |
| Remainder of edition statement | edited by John P. Comaromi, Julianne Beall, Winton E. Matthews, Jr., Gregory R. New. |
| 260 ## - PUBLICATION, DISTRIBUTION, ETC. | |
| Place of publication, distribution, etc. | Albany, N.Y. : |
| Name of publisher, distributor, etc. | Forest Press, a division of OCLC Online Computer Library Center, |
| Date of publication, distribution, etc. | 1990. |
| 300 ## - PHYSICAL DESCRIPTION | |
| Extent | xiii, 857 p. ; |
| Dimensions | 24 cm. |
| Type of unit | HP |
| 504 ## - BIBLIOGRAPHY, ETC. NOTE | |
| Bibliography, etc. note | Includes bibliographical references (p. 24). |
| 650 #0 - SUBJECT ADDED ENTRY--TOPICAL TERM | |
| Topical term or geographic name entry element | Classification, Dewey decimal. |
| 9 (RLIN) | 24498 |
| 700 1# - ADDED ENTRY--PERSONAL NAME | |
| Personal name | Comaromi, John P. |
| Fuller form of name | (John Phillip), |
| Dates associated with a name | 1937- |
| 9 (RLIN) | 24499 |
| 700 1# - ADDED ENTRY--PERSONAL NAME | |
| Personal name | Beall, Julianne, |
| Dates associated with a name | 1946- |
| 9 (RLIN) | 24500 |
| 700 1# - ADDED ENTRY--PERSONAL NAME | |
| Personal name | Matthews, Winton E. |
| 9 (RLIN) | 24501 |
| 700 1# - ADDED ENTRY--PERSONAL NAME | |
| Personal name | New, Gregory R. |
| 9 (RLIN) | 24502 |
| 710 2# - ADDED ENTRY--CORPORATE NAME | |
| Corporate name or jurisdiction name as entry element | Forest Press. |
| 9 (RLIN) | 24503 |
| 906 ## - LOCAL DATA ELEMENT F, LDF (RLIN) | |
| a | 7 |
| b | cbc |
| c | orignew |
| d | 1 |
| e | ocip |
| f | 19 |
| g | y-gencatlg |
| 942 ## - ADDED ENTRY ELEMENTS (KOHA) | |
| Source of classification or shelving scheme | Dewey Decimal Classification |
| Koha item type | Books like text book referance book |
| Suppress in OPAC | No |
| Withdrawn status | Lost status | Source of classification or shelving scheme | Damaged status | Not for loan | Collection code | Home library | Current library | Shelving location | Date acquired | Total Checkouts | Full call number | Barcode | Date last seen | Copy number | Price effective from | Koha item type |
|---|---|---|---|---|---|---|---|---|---|---|---|---|---|---|---|---|
| Dewey Decimal Classification | Non-fiction | Wondo Genet Library | Wondo Genet Library | General Stacks | 12/23/2021 | 025.431 DWEW 1990 | WGCFNRL00009536 | 12/23/2021 | 1 | 12/23/2021 | Books like text book referance book |